| 000 | 00974cam a2200241 4500 | ||
|---|---|---|---|
| 001 | J90295 | ||
| 008 | 090401t1997 xxu||||| |||| 00| 0 eng d | ||
| 035 | _a(Sirsi) u84755 | ||
| 041 | _aeng | ||
| 050 | _a333.332091 $2 18 | ||
| 110 |
_aInternational Valuation Standards Committee _93611 |
||
| 245 | _aInternational valuation standards: principles, standards and applications and performance guidance. | ||
| 250 | _aRevised ed. | ||
| 260 |
_aLondon _bIVSC _c1997 |
||
| 300 | _a1v. (loose-leaf) ; 22cm. | ||
| 350 | _a25 | ||
| 500 | _aAlthough the text says published by IVSC at RICS in London in fact the standards are available from Anne Linney, finance Administrator, International Valuation Standards Committee Executive Headquarters, 15 Delisle Avenue, Toronto, Ontario, Canada M4V 1S8. Price $25.00 US. | ||
| 650 | _aINTERNATIONAL VALUATION STANDARDS | ||
| 650 | _aVALUATION STANDARDS | ||
| 690 | _aRATING AND VALUATION | ||
| 942 | _n0 | ||
| 948 | _c09/03/1998 | ||
| 999 |
_c96974 _d96974 |
||